ITC - Phnom-Penh - 23-25 Janvier 1996, VIèmes Journées Internationales de Technologie - Table ronde No.5: 1) Les liens provisoires Universités et Entreprises. 2) La multidisciplinarité, base du croisement des réseaux et source d'innovation dans un contexte international de développement. 3) L'Ecole Polytechnique de Yaoundé développe des produits et génère des ingénieurs entrepreneurs. 4) L'Ecole des Mines d'Alès, un élément d'appui essentiel et permanent pour le developpement local et régional. 5) Quel rôle pour les Ecoles d'ingénieur dans les pays en developpement? - Réflexions à partir de l'exemple tunisien. 6) Réseau d'Ecoles et appui technologique aux PME/PMI - Extension internationale. 7) Soutiens aux PME/PMI et génération d'entrepreneurs dans le cadre de l'économie de marché en Algérie

Shranjeno v:
Bibliografske podrobnosti
Glavni avtor: AUPELF-UREF
Format: Knjiga
Jezik:Undetermined
Izdano: Phnom-Penh Institut de Technologie du Cambodge 1996
Teme:
Oznake: Označite
Brez oznak, prvi označite!
Thư viện lưu trữ: Trung tâm Học liệu Trường Đại học Cần Thơ
LEADER 01325nam a2200181Ia 4500
001 CTU_16541
008 210402s9999 xx 000 0 und d
082 |a 064 
082 |b I.59/No.5 
100 |a AUPELF-UREF 
245 0 |a ITC - Phnom-Penh - 23-25 Janvier 1996, VIèmes Journées Internationales de Technologie - Table ronde No.5: 1) Les liens provisoires Universités et Entreprises. 2) La multidisciplinarité, base du croisement des réseaux et source d'innovation dans un contexte international de développement. 3) L'Ecole Polytechnique de Yaoundé développe des produits et génère des ingénieurs entrepreneurs. 4) L'Ecole des Mines d'Alès, un élément d'appui essentiel et permanent pour le developpement local et régional. 5) Quel rôle pour les Ecoles d'ingénieur dans les pays en developpement? - Réflexions à partir de l'exemple tunisien. 6) Réseau d'Ecoles et appui technologique aux PME/PMI - Extension internationale. 7) Soutiens aux PME/PMI et génération d'entrepreneurs dans le cadre de l'économie de marché en Algérie 
245 0 |c AUPELF-UREF 
260 |a Phnom-Penh 
260 |b Institut de Technologie du Cambodge 
260 |c 1996 
650 |a organizations, education 
904 |i Minh, 970524 
980 |a Trung tâm Học liệu Trường Đại học Cần Thơ